000 00845nam a22002297a 4500
999 _c9510
_d9510
003 AR-CdUCM
008 190328b ||||| |||| 00| 0 spa d
040 _aMUNICIPALIDAD PROVINCIAL DEL CUSCO
_cBIBLIOTECA MUNICIPAL DEL CUSCO
041 _heng
082 _a342.3 /
_bW93
100 _aWriston, Henry M.
_925757
245 _aBases para la Paz :
_bLa Negociación de Tratados /
260 _aBuenos Aires :
_bClaridad ;
_c1942.
300 _a234 páginas ;
_c20cm
440 _aBiblioteca de Obras Famosas
_n81
_925758
505 _aContenido: La guerra por la paz -- La negociación del tratado de paz -- La estrategia de la paz -- La transición a la paz -- Fuerzas centrífugas...
650 _aPaz
_9757
650 _aNegociación
_98473
700 _aDíaz Doin, Guillermo (traducción)
_925759
942 _2ddc
_cLIBROS
945 _anom